Loading...
| Any History | 5 | 14.00 | 100% | 20% | 20% |
| Current Events | 3 | 23.33 | 100% | 100% | 33% |
| Fine Arts - Classical Music | 11 | 10.91 | 73% | 36% | 0% |
| Fine Arts - Other Fine Arts | 8 | 12.50 | 75% | 50% | 0% |
| Geography | 5 | 18.00 | 100% | 80% | 0% |
| History - European History | 6 | 13.33 | 100% | 17% | 17% |
| History - World History | 2 | 10.00 | 100% | 0% | 0% |
| Literature - American Literature | 4 | 7.50 | 75% | 0% | 0% |
| Literature - British Literature | 9 | 4.44 | 33% | 11% | 0% |
| Literature - European Literature | 5 | 10.00 | 80% | 20% | 0% |
| Literature - World Literature | 7 | 5.71 | 57% | 0% | 0% |
| Mythology | 4 | 20.00 | 100% | 75% | 25% |
| Other Academic | 3 | 20.00 | 100% | 67% | 33% |
| Painting & Sculpture | 3 | 10.00 | 100% | 0% | 0% |
| Philosophy | 6 | 11.67 | 83% | 33% | 0% |
| Religion | 7 | 12.86 | 100% | 29% | 0% |
| Science - Biology | 4 | 5.00 | 50% | 0% | 0% |
| Science - Chemistry | 5 | 12.00 | 100% | 20% | 0% |
| Science - Other Science | 7 | 7.14 | 57% | 14% | 0% |
| Science - Physics | 1 | 10.00 | 100% | 0% | 0% |
| Social Science | 4 | 17.50 | 100% | 50% | 25% |